Supervivencia inicial de clones de sauces y álamos en suelos hidrohalomórficos del sudoeste de la provincia de Buenos Aires /

Guardado en:
Autor Principal: Vallejos, Matías Nazareno.
Autor Corporativo: Universidad Nacional del Sur. Departamento de Agronomía.
Otros Autores: Caro, Luis Alberto, (tutor.)
Formato: Libro
Idioma:Spanish
Publicado: Bahía Blanca, 2021.
Materias:
Acceso en línea:Acceso a texto completo
Etiquetas: Agregar Etiqueta
Sin Etiquetas, Sea el primero en etiquetar este registro!
LEADER 01306nam a22002895a 4500
001 EEA.libagro011320
008 210716s2021####ag#a##########000#0#spa#d
005 20210908105537.0
245 1 0 |a Supervivencia inicial de clones de sauces y álamos en suelos hidrohalomórficos del sudoeste de la provincia de Buenos Aires /  |c Matías Nazareno Vallejos. 
260 |a Bahía Blanca,  |c 2021. 
300 |a 36 h. :  |b il., fot. col. ;  |c 30 cm. 
500 |a Trabajo de intensificación (Ingeniero Agrónomo) -- Universidad Nacional del Sur. Departamento de Agronomía, 2021. 
530 |a Disponible también en línea. 
100 1 |a Vallejos, Matías Nazareno. 
700 1 |a Caro, Luis Alberto,  |e tutor. 
710 2 |a Universidad Nacional del Sur.  |b Departamento de Agronomía. 
082 0 4 |a 634.972  |2 20 
650 7 |a Árboles forestales  |2 agrovoc 
650 7 |a Introducción de plantas  |2 agrovoc 
650 7 |a Introducción de clones  |x Adaptación  |2 agrovoc 
650 7 |a Salix  |2 agrovoc 
650 7 |a Populus  |2 agrovoc 
650 7 |a Suelo hidromórfico  |2 agrovoc 
650 7 |a Suelo salino sódico  |2 agrovoc 
650 7 |a Sudoeste bonaerense  |2 Catalis Autoridades 
856 4 1 |3 Acceso a texto completo  |u https://repositoriodigital.uns.edu.ar/handle/123456789/5694 
859 |a AR-BbBCA  |b BIB. AGRONOMIA  |h 634.972  |i V181  |p 2021/7164